00000000nam 22000008a 4500
0019.840102
003CaOODSP
00520221107151749
007cr |||||||||||
008170913s1970    onca    o|   f000 0 eng d
040 |aCaOODSP|beng
043 |an-cn--
0861 |aR5-326/1970E-PDF|zR32-1367/5
24500|aIndians of Yukon and Northwest Territories |h[electronic resource].
260 |aOttawa : |bDepartment of Indian Affairs and Northern Development, |c1970.
300 |a20 p. : |bill.
500 |aDigitized edition from print [produced by Indigenous and Northern Affairs Canada].
504 |aIncludes bibliographical references.
520 |aA brief historical overview of Indigenous people in Yukon and Northwest Territories.
69207|2gccst|aInuit
69207|2gccst|aAboriginal peoples
7101 |aCanada. |bIndigenous and Northern Affairs Canada.
7101 |aCanada. |bDepartment of Indian Affairs and Northern Development.
795 |tIndians of Yukon and Northwest Territories |w(CaOODSP)9.840100
85640|qPDF|s9.06 MB|uhttps://publications.gc.ca/collections/collection_2017/aanc-inac/R5-326-1970-eng.pdf